000 00459nam a2200169Ia 4500
008 240729s9999 xx 000 0 und d
022 _a2471-6839
245 0 _aPanorama
260 _aUnited States
260 _bUniversity of Minnesota Libraries Publishing
650 _a Arts in general
650 _a History of the arts
650 _aFine Arts
856 _uhttps://doaj.org/toc/b83def017d024cd6a529801747ff9414
942 _2ddc
942 _cDOAJEJ
999 _c70848
_d70848
945 _a1
_bMadushi Gamage
_c1
_dMadushi Gamage